00715nam a2200229Ia 4500003000900000008004100009020001800050040001600068080001700084100002300101245006400124260003100188300001400219650004100233650001500274700002300289700002200312700002300334942000700357999001500364952010600379IN-BaIIA211028s9999 xx 000 0 eng d a0-944389-01-5 cIIA Library a524.352bGEN aGenet, R. M913302 0aSupernova 1987Abastronomy's explosive enigmacR. M. Genet  aMesabFairborn Pressc1988 aii, 211p. aAstronomy and astrophysics thesaurus aSupernovae aGenet, D. R916007 aHall, D. S916008 aHayes, D. S916009 cBK c9505d9505 00104070aBANbBANcGENd0000-00-00l1o524.352/ GENp10415r2025-10-16s2024-10-14w0000-00-00yBK